| 000 | nam a22 a 4500 | ||
|---|---|---|---|
| 999 |
_c205088 _d205088 |
||
| 003 | BLK | ||
| 005 | 20220215151539.0 | ||
| 008 | 180411b bul|||||r ||||||| ||bul|| | ||
| 010 | _aKNG00214689000 | ||
| 040 | _aBLK | ||
| 041 |
_aBUL _cBUL |
||
| 072 |
_9178284 _aН92 _xИстория Н |
||
| 072 |
_9178370 _aЯ _xАвтографи |
||
| 072 |
_9178187 _aК _xКраезнание |
||
| 080 |
_aБългарската държава през ХІХ и ХХ вв. _b94(497.2)"18/19"" |
||
| 139 |
_aЕвропа навлиза в българските земи _bЕ 20 |
||
| 245 | 1 | 0 |
_aЕвропа навлиза в българските земи _b(Втората половина на ХІХ - началото на ХХ век) _cсъстав. и ред. Николай Чакъров. |
| 257 | _aBGR | ||
| 260 |
_c2017 _9389427 _aРусе _bЕмма Фуудс |
||
| 300 |
_a157 с. _c22 см |
||
| 380 | _a9 | ||
| 500 | _aБиблиогр. след отд. докл. | ||
| 651 | 7 |
_9179462 _aРусе |
|
| 651 | 0 |
_9241624 _aБългария |
|
| 653 | 7 |
_9182637 _aбългарска история |
|
| 659 | 7 |
_9178160 _aН _xНови книги |
|
| 659 | 7 |
_9178158 _aК _xКраезнание |
|
| 659 | 7 |
_9178167 _aЯ _xАвтографи |
|
| 700 | 1 |
_aЧакъров, Николай Иванов _eсъстав. и ред. _9381135 |
|
| 852 | _aЦб 288395 | ||
| 852 | _aК 94(497.2)/Е 20 | ||
| 856 | 4 | _qpdf | |
| 856 | 4 | _qpdf | |
| 942 |
_cKNG _n0 _s1 |
||
| 944 |
_aCR _c28.11.2017 _kВиолета_Тройчева |
||
| 944 |
_aED _c29.11.2017 _kПенка_Димитрова |
||
| 999 | _d205088 | ||
| 999 | _d205088 | ||